Kursus kemahiran asas penyelenggaraan peralatan elektrik dan penghawa dingin : 20 - 22 Oktober 2021

Bibliographic Details
Corporate Authors: Kursus kemahiran asas penyelenggaraan peralatan elektrik dan penghawa dingin, INSPEN ( Institut Penilaian Negara )
Format: Book
Language:Malay
Subjects:

MARC

LEADER 00000cam a2200000 7i4500
001 0000030176
005 20241202.0
008 221005 my a may
040 |a INS   |b eng   |c INS   |e rda 
090 0 0 |a M567   |b 2021 
110 1 |a Kursus kemahiran asas penyelenggaraan peralatan elektrik dan penghawa dingin ,   |d 2021 20 - 22 Oktober   |c INSPEN, Bangi 
245 0 0 |a Kursus kemahiran asas penyelenggaraan peralatan elektrik dan penghawa dingin :   |b 20 - 22 Oktober 2021   |c Anjuran Pusat Pembangunan Professional, INSPEN 
264 0 |a Bangi :   |b Institut Penilaian Negara   |c 2021 
300 |a 1 volume (various pagings) :   |b illustrations ;   |c 30 cm. 
336 |a text  |2 rdacontent 
337 |a unmediated  |2 rdamedia 
338 |a volume  |2 rdacarrier 
650 0 |a Electric measurements 
650 0 |a Electric meters 
710 1 |a INSPEN ( Institut Penilaian Negara ) 
999 |a M000001308   |b BOOK   |c Course Notes   |e Default branch